000 00537nam a2200181Ia 4500
008 151018s9999 xx 000 0 und d
082 _bRBASDV59435
_a891.464
100 _aम ई तंगावार
245 _aपाउलखुणा
250 _b2
260 _bमुक्तरंग प्रकाशन
_c2011
300 _a87
600 _aम ई तंगावार
630 _aपाउलखुणा
700 _aम ई तंगावार
730 _aपाउलखुणा
942 _cBOOK
999 _c1053316
_d1053313